000 00442nam a2200193Ia 4500
008 240510s9999 xx 000 0 und d
020 _a0008170297990
041 _aEng
082 _a005.118
082 _bY58
100 _aYOUNG M.J.
245 0 _aMASTERING VISUAL C++ :( With CD)
260 _bNEWDELHI : BPB
260 _c1997
300 _a1251 p.
650 _aVISUAL PROGRAMMING : VISUAL C++
942 _2ddc
942 _cLBK
999 _c26765
_d26765
945 _a1
_bMadushi Gamage
_c1
_dMadushi Gamage